=LDR 00000nam 2200000 4500 =001 INLIS000000000047793 =005 20160217082919.0 =006 =007 =008 =035 ##$$0010-021600000000181 =040 ##$$a NPBDMAT =082 ##$$a R. 351.720 26 =090 ##$$a R. 351.720 26 $b Not n =245 ##$$a Nota Keuangan dan Undang-Undang Republik Indonesia Nomor 14 Tahun 2006 Tentang Perubahan Undang-Undang Nomor 13 Tahun 2005 Tentang Anggaran Pendapatan dan Belanja Negara Tahun Anggaran 2006 =260 ##$$a Jakarta : $b Sekretariat Negara Republik Indonesia, $c 2006 =300 ##$$a 62 hlm $c 30 cm =650 ##$$a Anggaran Pendapatan dan Belanja Negara - Undang-Undang =700 ##$$a Sekretariat Negara RI